000 00822nam a2200265Ia 4500
003 OSt
005 20220930072812.0
006 a|||||r|||| 00| 0
007 ta
008 220926b |||||||| |||| 00| 0 eng d
024 _a25338
037 _cTheses
040 _aCRL
_cCRL
_beng
041 _2eng
_aeng
100 _aNiveditha S R
_9530467
110 _aUniversity of Delhi. Faculty of Medical Sciences. Department of Pathology
245 0 _aStudy vimentin expression in breast carcinomas
260 _c1998
300 _a129p.
_ap.
_ccm.
650 _aPATHOLOGY
_9174058
700 _a Dr Pramila Bajaj Supervisor
_9519937
700 _aUniversity of Delhi. Faculty of Medical Sciences. Department of Pathology
942 _cDIS
_2CC
999 _c864336
_d864336